| 000 | 00641nam a2200205Ia 4500 | ||
|---|---|---|---|
| 003 | OSt | ||
| 005 | 20240909123326.0 | ||
| 008 | 220927b |||||||| |||| 00| 0 eng d | ||
| 024 | _a061315877 | ||
| 040 |
_aSDCL _cSDCL _beng |
||
| 041 |
_2eng _aeng |
||
| 082 | _aRx L1 | ||
| 100 |
_aJames, William _9353521 |
||
| 245 | 0 | _aMoral equivalent of war and other essays and selections from some problems of philosophy. | |
| 260 |
_aNew York: _bHarper & Row, Publishers, _c1971. |
||
| 300 |
_avi,208p. _ccm. |
||
| 700 |
_a Roth John K Ed. _9432216 |
||
| 942 |
_hRx L1 _cTEXL _2CC |
||
| 999 |
_c748781 _d748781 |
||